Diktatura - válka - vyhnání. - Ústí nad Labem : Albis international. - 2007 [Rezension]
| Titel: | Diktatura - válka - vyhnání. - Ústí nad Labem : Albis international. - 2007 [Rezension] |
|---|---|
| Verfasser: | |
| In: |
Matice Moravská (Brünn): Časopis Matice Moravské, Band 127, Heft 2 (2008), Seite 561-563 alle Artikel anzeigen |
| Veröffentlicht: | 2008 |
| Format: | Aufsatz |
| Sprache: | Tschechisch |
X
alg: 39500475 001A $01999:12-11-16 001B $01999:04-08-21 $t21:01:50.000 001D $01999:12-11-16 001U $0utf8 001X $00 002@ $0Aox 003@ $0395004756 007A $0395004756 $aHEB 007T $0Herdc0069793m 010@ $acze 011@ $a2008 021A $aDiktatura - válka - vyhnání. - Ústí nad Labem : Albis international. - 2007 [Rezension] 028A $aKaška $dVáclav 031A $d127 $e2 $h561-563 $j2008 039B $aIn $8--Abvc--Matice Moravská$gBrünn [Tb1]. Časopis Matice Moravské. - Brno, 1869-. - ISSN 0323-052X $x200800001270002439 $9047461179 039T $8--Aau--. Diktatura - válka - vyhnání. - Ústí nad Labem : Albis international, 2007. - 460 S.. - ISBN 978-80-86971-33-9 $9191624624 045F $a900.94371 $eDDC23BSB 045F/01 $a900 045F/03 $g4371 045F/03 $g4373 045T $a8 lok: 39500475 78 exp: 39500475 78 1 #EPN 201B/01 $026-11-17 $t03:52:15.000 201U/01 $0utf8 203@/01 $0791303373 208@/01 $a12-11-16 $be 209A/01 $a/ $f000 $x00 220C/01 $aHerkunft: HÚ AV ČR Praha 244Z/01 $#Tschechien $#Tschechische Republik $#Tschechische Republik $#Tschechenland $#Tschechei Tschechien $#Česká Republika $#Czech Republic $#ČR $74303381-7 $8--Tg1--Tschechien $x01 $9086659812 244Z/01 $2Trx $#Böhmen $#Bohemia $#Czechy $8--Trx--Čechy $x02 $9391188941 244Z/01 $2Trx $#Slowakische Republik $#Szlovák Köztársaság $#Republika Słowacka $#Slovenská Republika $#Slovensko $#Slowakei $#Słowacja $#Slovensko $8--Trx--Slovenská Republika $x03 $9391345796 244Z/01 $2Trx $#arvustused $#recenzijos $#Reviews $#recenziók $#recenzje $#recenzie $#recenze $8--Trx--Rezensionen $x04 $9391357441 247C/01 $82080>Marburg/Lahn, Herder-Institut, Forschungsbibliothek, Bibliographieportal $9336309341
| LEADER | 00000caa a22000002c 4500 | ||
|---|---|---|---|
| 001 | 395004756 | ||
| 003 | DE-603 | ||
| 005 | 20210804210150.0 | ||
| 007 | tu | ||
| 008 | 161112s2008 xx |||| | u00||u|cze c | ||
| 035 | |a (DE-599)HEB395004756 | ||
| 040 | |a DE-603 |b ger |c DE-603 |d DE-603 | ||
| 041 | |a cze | ||
| 082 | 0 | 4 | |8 1\u |a 900.94371 |q DE-101 |2 23/BSB |
| 084 | |a 8 |2 ssgn | ||
| 085 | |8 1\u |b 900 | ||
| 085 | |8 1\u |z 2 |s 4371 | ||
| 085 | |8 1\u |z 2 |s 4373 | ||
| 100 | 1 | |a Kaška, Václav | |
| 245 | 0 | 0 | |a Diktatura - válka - vyhnání. - Ústí nad Labem : Albis international. - 2007 [Rezension] |
| 264 | 0 | |c 2008 | |
| 773 | 0 | 8 | |i In |a Matice Moravská (Brünn) |t Časopis Matice Moravské |d Brno, 1869- |x 0323-052X |g Band 127, Heft 2 (2008), Seite 561-563 |w (DE-603)047461179 |w (DE-600)282647-1 |
| 787 | 0 | 8 | |i Rezension von |t Diktatura - válka - vyhnání |d Ústí nad Labem : Albis international, 2007 |h 460 S. |z 9788086971339 |w (DE-603)191624624 |
| 924 | 0 | |9 2080 |a (DE-603)791303373 |b DE-2080 |c HES |d d |g / | |


